00525nam a2200181 a 4500001001300000003000900013005001700022008004100039020000800080082001700088245002600105260005100131300000800182500003500190505005500225650002400280710003900304nice12345678IN_TiNIC20260116011302.0050524s1941 laha grp 000 0 eng  ac000a297.86bAAI2 aWhich Way to Pakistan aLahorebAhmadiyya Anjuman Ishaat-E-Islamc1941 a10p aincludes index and biblioraphy2 aMeeting of the N C C Nagpur Dec,28,1939-Jan 2,1940 aAhmadiyyah-Pakistan2 aAhmadiyya Anjuman-I-Ishaat-I-Islam